00769nam a2200265uu 4500001000800000005001700008007001000025008004100035035001200076040001300088041000800101080000700109100004300116245005200159260004300211300001300254650002900267650003800296650003400334700004100368700004000409700003700449502001000486526000700496109516620260507083838.0co|||||||080801s2002 spa  a1095166 ccomduadb aspa aCA10aCongote Durango, Erika Paula4auteaut10aManual de procedimientos para Autopinturas Ltda aMedellín :b[sin publicador],c2002. a1 CD-ROM aManual de procedimientos aDocumentación de procedimientos 7aGestión de procesos2armarc10aHernandez Palencia, Ivonne4auteaut10aAlvarez Zapata, Hugo Leon4auteaut10aBautista, Mario Anibal4thseths b59c9 a59